[Event "ODJM A 2023"]
[Site "Willingen GER"]
[Date "2023.05.29"]
[Round "3"]
[White "Möller, Tom"]
[Black "Paeslack, Luis"]
[Result "1/2-1/2"]
[Termination "normal"]
[Board "23"]
[WhiteElo "1417"]
[BlackElo "1887"]
[WhiteClock "00:14:47"]
[BlackClock "00:05:54"]
[PlyCount "98"]
[WhiteFideId "16287215"]
[BlackFideId "12987760"]
[EventCountry "GER"]
[EventRounds "9"]
[EventType "swiss"]
[EventDate "2023.05.27"]

1. d4 {[%clk 01:30:59]} d5 {[%clk 01:30:37]} {[%emt 00:00:36]} 2. Nc3 {[%clk
01:31:25]} {[%emt 00:00:08]} Nf6 {[%clk 01:30:58]} {[%emt 00:00:12]} 3. Bf4
{[%clk 01:31:41]} {[%emt 00:00:16]} a6 {[%clk 01:31:19]} {[%emt 00:00:09]} 4.
e3 {[%clk 01:32:05]} {[%emt 00:00:04]} e6 {[%clk 01:31:37]} {[%emt 00:00:09]}
5. Nf3 {[%clk 01:32:28]} {[%emt 00:00:05]} c5 {[%clk 01:31:50]} {[%emt
00:00:13]} 6. dxc5 {[%clk 01:32:54]} {[%emt 00:00:03]} Bxc5 {[%clk 01:32:14]}
{[%emt 00:00:02]} 7. Bd3 {[%clk 01:33:21]} {[%emt 00:00:01]} Nbd7 {[%clk
01:32:27]} {[%emt 00:00:13]} 8. O-O {[%clk 01:29:26]} {[%emt 00:04:24]} b5
{[%clk 01:32:45]} {[%emt 00:00:13]} 9. h3 {[%clk 01:13:13]} {[%emt 00:16:43]}
O-O {[%clk 01:29:29]} {[%emt 00:03:46]} 10. e4 {[%clk 01:09:54]} {[%emt
00:03:50]} b4 {[%clk 01:24:00]} {[%emt 00:05:59]} 11. e5 {[%clk 01:07:59]}
{[%emt 00:02:25]} bxc3 {[%clk 01:24:08]} {[%emt 00:00:21]} 12. exf6 {[%clk
01:08:17]} {[%emt 00:00:13]} Nxf6 {[%clk 01:24:29]} {[%emt 00:00:09]} 13. bxc3
{[%clk 01:07:20]} {[%emt 00:01:27]} Bd6 {[%clk 01:15:40]} {[%emt 00:09:18]} 14.
Ne5 {[%clk 01:04:49]} {[%emt 00:03:01]} Qc7 {[%clk 01:11:13]} {[%emt 00:04:57]}
15. Re1 {[%clk 01:00:50]} {[%emt 00:04:30]} Bb7 {[%clk 00:57:28]} {[%emt
00:14:15]} 16. Rb1 {[%clk 00:57:26]} {[%emt 00:03:54]} Rab8 {[%clk 00:51:19]}
{[%emt 00:06:39]} 17. Bg3 {[%clk 00:47:42]} {[%emt 00:10:13]} Rfd8 {[%clk
00:35:44]} {[%emt 00:16:06]} 18. Qe2 {[%clk 00:40:42]} {[%emt 00:07:31]} Ne4
{[%clk 00:29:41]} {[%emt 00:06:32]} 19. Bxe4 {[%clk 00:34:48]} {[%emt
00:06:25]} dxe4 {[%clk 00:30:05]} {[%emt 00:00:05]} 20. Nc4 {[%clk 00:33:56]}
{[%emt 00:01:22]} Bxg3 {[%clk 00:29:30]} {[%emt 00:01:04]} 21. fxg3 {[%clk
00:34:22]} {[%emt 00:00:05]} Bd5 {[%clk 00:27:44]} {[%emt 00:02:15]} 22. Nd2
{[%clk 00:32:47]} {[%emt 00:02:06]} Qxc3 {[%clk 00:21:11]} {[%emt 00:07:04]}
23. Nxe4 {[%clk 00:29:14]} {[%emt 00:04:03]} Bxe4 {[%clk 00:20:45]} {[%emt
00:00:54]} 24. Qxe4 {[%clk 00:29:20]} {[%emt 00:00:25]} Qxg3 {[%clk 00:20:39]}
{[%emt 00:00:36]} 25. c4 {[%clk 00:25:33]} {[%emt 00:04:18]} Qa3 {[%clk
00:19:18]} {[%emt 00:01:50]} 26. Qe2 {[%clk 00:20:30]} {[%emt 00:05:33]} h6
{[%clk 00:17:23]} {[%emt 00:02:25]} 27. Kh1 {[%clk 00:20:34]} {[%emt 00:00:26]}
a5 {[%clk 00:14:49]} {[%emt 00:03:04]} 28. Rb5 {[%clk 00:18:04]} {[%emt
00:03:00]} Rxb5 {[%clk 00:11:42]} {[%emt 00:03:36]} 29. cxb5 {[%clk 00:18:30]}
{[%emt 00:00:05]} Qb4 {[%clk 00:11:50]} {[%emt 00:00:21]} 30. Rf1 {[%clk
00:16:24]} {[%emt 00:02:36]} Rb8 {[%clk 00:09:14]} {[%emt 00:03:05]} 31. Qf3
{[%clk 00:16:30]} {[%emt 00:00:25]} f6 {[%clk 00:06:43]} {[%emt 00:03:01]} 32.
Qc6 {[%clk 00:16:26]} {[%emt 00:00:33]} Qxb5 {[%clk 00:06:46]} {[%emt
00:00:27]} 33. Qxe6+ {[%clk 00:16:43]} {[%emt 00:00:13]} Kh8 {[%clk 00:07:06]}
{[%emt 00:00:09]} 34. Re1 {[%clk 00:15:49]} {[%emt 00:01:24]} a4 {[%clk
00:06:50]} {[%emt 00:00:46]} 35. Qe2 {[%clk 00:13:16]} {[%emt 00:03:03]} Qd5
{[%clk 00:04:45]} {[%emt 00:02:35]} 36. Rd1 {[%clk 00:12:22]} {[%emt 00:01:24]}
Qc5 {[%clk 00:04:17]} {[%emt 00:00:58]} 37. Qe4 {[%clk 00:11:06]} {[%emt
00:01:46]} a3 {[%clk 00:03:58]} {[%emt 00:00:51]} 38. Rd3 {[%clk 00:07:00]}
{[%emt 00:04:35]} Qc1+ {[%clk 00:03:29]} {[%emt 00:00:58]} 39. Kh2 {[%clk
00:07:24]} {[%emt 00:00:06]} Qc7+ {[%clk 00:02:42]} {[%emt 00:01:17]} 40. Rg3
{[%clk 00:07:39]} {[%emt 00:00:15]} Qd6 {[%clk 00:01:55]} {[%emt 00:01:17]} 41.
Qg4 {[%clk 00:05:09]} {[%emt 00:03:00]} Qf8 {[%clk 00:23:34]} {[%emt 00:08:51]}
42. Qa4 {[%clk 00:35:07]} {[%emt 00:00:33]} Ra8 {[%clk 00:23:55]} {[%emt
00:00:08]} 43. Qd7 {[%clk 00:33:33]} {[%emt 00:02:03]} h5 {[%clk 00:13:45]}
{[%emt 00:10:42]} 44. Qd5 {[%clk 00:22:20]} {[%emt 00:11:42]} Qe8 {[%clk
00:10:42]} {[%emt 00:03:34]} 45. Qb7 {[%clk 00:22:23]} {[%emt 00:00:26]} g5
{[%clk 00:08:42]} {[%emt 00:02:30]} 46. h4 {[%clk 00:18:37]} {[%emt 00:04:17]}
Rb8 {[%clk 00:07:12]} {[%emt 00:01:59]} 47. Qf3 {[%clk 00:17:20]} {[%emt
00:01:47]} Rb6 {[%clk 00:06:01]} {[%emt 00:01:42]} 48. hxg5 {[%clk 00:15:11]}
{[%emt 00:02:39]} h4 {[%clk 00:05:58]} {[%emt 00:00:32]} 49. Rg4 {[%clk
00:14:47]} {[%emt 00:00:55]} Qe5+ {[%clk 00:05:54]} {[%emt 00:00:34]} 1/2-1/2

[Event "ODJM A 2023"]
[Site "Willingen GER"]
[Date "2023.05.29"]
[Round "3"]
[White "Schwarz, David"]
[Black "Brunner, Tobias"]
[Result "0-1"]
[Termination "normal"]
[Board "24"]
[WhiteElo "1431"]
[BlackElo "2017"]
[WhiteClock "00:42:01"]
[BlackClock "00:36:36"]
[PlyCount "90"]
[WhiteFideId "16287614"]
[BlackFideId "12949833"]
[EventCountry "GER"]
[EventRounds "9"]
[EventType "swiss"]
[EventDate "2023.05.27"]

1. e4 {[%clk 01:30:58]} {[%emt 00:00:03]} c6 {[%clk 01:30:53]} {[%emt
00:00:09]} 2. d4 {[%clk 01:31:23]} {[%emt 00:00:09]} d5 {[%clk 01:31:18]}
{[%emt 00:00:08]} 3. e5 {[%clk 01:31:50]} {[%emt 00:00:06]} c5 {[%clk
01:31:42]} {[%emt 00:00:08]} 4. dxc5 {[%clk 01:32:16]} {[%emt 00:00:07]} e6
{[%clk 01:32:06]} {[%emt 00:00:05]} 5. Be3 {[%clk 01:29:17]} {[%emt 00:03:08]}
Nd7 {[%clk 01:28:28]} {[%emt 00:04:08]} 6. Nf3 {[%clk 01:21:36]} {[%emt
00:08:12]} Bxc5 {[%clk 01:25:18]} {[%emt 00:03:40]} 7. Bxc5 {[%clk 01:22:02]}
{[%emt 00:00:05]} Nxc5 {[%clk 01:25:42]} {[%emt 00:00:05]} 8. Nc3 {[%clk
01:16:30]} {[%emt 00:06:02]} a6 {[%clk 01:25:42]} {[%emt 00:00:29]} 9. b4
{[%clk 01:15:44]} {[%emt 00:01:17]} Nd7 {[%clk 01:25:37]} {[%emt 00:00:34]} 10.
Qd2 {[%clk 01:15:31]} {[%emt 00:00:44]} Qc7 {[%clk 01:24:26]} {[%emt 00:01:40]}
11. Qe3 {[%clk 01:15:21]} {[%emt 00:00:41]} Ne7 {[%clk 01:16:01]} {[%emt
00:08:54]} 12. b5 {[%clk 01:15:44]} {[%emt 00:00:07]} Nf5 {[%clk 01:15:53]}
{[%emt 00:00:37]} 13. Qd2 {[%clk 01:16:08]} {[%emt 00:00:07]} Nxe5 {[%clk
01:15:33]} {[%emt 00:00:50]} 14. Nxe5 {[%clk 01:15:37]} {[%emt 00:01:02]} Qxe5+
{[%clk 01:15:57]} {[%emt 00:00:05]} 15. Be2 {[%clk 01:16:02]} {[%emt 00:00:05]}
d4 {[%clk 01:14:58]} {[%emt 00:01:28]} 16. Rd1 {[%clk 01:14:34]} {[%emt
00:01:58]} O-O {[%clk 01:14:59]} {[%emt 00:00:30]} 17. Nb1 {[%clk 01:06:50]}
{[%emt 00:08:14]} axb5 {[%clk 01:11:15]} {[%emt 00:04:14]} 18. a3 {[%clk
01:07:03]} {[%emt 00:00:16]} Bd7 {[%clk 01:09:57]} {[%emt 00:01:47]} 19. O-O
{[%clk 01:07:25]} {[%emt 00:00:08]} Bc6 {[%clk 01:09:41]} {[%emt 00:00:45]} 20.
Rfe1 {[%clk 01:07:30]} {[%emt 00:00:26]} Rad8 {[%clk 01:00:36]} {[%emt
00:09:35]} 21. Qg5 {[%clk 00:58:26]} {[%emt 00:09:35]} Qf6 {[%clk 00:55:01]}
{[%emt 00:06:04]} 22. Qxf6 {[%clk 00:57:43]} {[%emt 00:01:14]} gxf6 {[%clk
00:55:25]} {[%emt 00:00:05]} 23. Nd2 {[%clk 00:58:08]} {[%emt 00:00:05]} Ra8
{[%clk 00:55:11]} {[%emt 00:00:44]} 24. Rb1 {[%clk 00:49:16]} {[%emt 00:09:22]}
Rxa3 {[%clk 00:48:51]} {[%emt 00:06:49]} 25. Bxb5 {[%clk 00:49:40]} {[%emt
00:00:06]} Bxb5 {[%clk 00:43:57]} {[%emt 00:05:23]} 26. Rxb5 {[%clk 00:50:05]}
{[%emt 00:00:06]} Nd6 {[%clk 00:40:30]} {[%emt 00:03:57]} 27. Rb6 {[%clk
00:49:07]} {[%emt 00:01:29]} Ra6 {[%clk 00:40:18]} {[%emt 00:00:42]} 28. Rb3
{[%clk 00:46:08]} {[%emt 00:03:28]} Rc8 {[%clk 00:38:46]} {[%emt 00:02:01]} 29.
h3 {[%clk 00:45:51]} {[%emt 00:00:48]} Rxc2 {[%clk 00:38:46]} {[%emt 00:00:31]}
30. Ne4 {[%clk 00:46:14]} {[%emt 00:00:06]} Nxe4 {[%clk 00:36:36]} {[%emt
00:02:41]} 31. Rxe4 {[%clk 00:46:42]} {[%emt 00:00:02]} Rd6 {[%clk 00:36:30]}
{[%emt 00:00:35]} 32. Rxb7 {[%clk 00:46:44]} {[%emt 00:00:29]} f5 {[%clk
00:36:44]} {[%emt 00:00:15]} 33. Re1 {[%clk 00:42:42]} {[%emt 00:04:32]} d3
{[%clk 00:36:49]} {[%emt 00:00:26]} 34. Kf1 {[%clk 00:42:59]} {[%emt 00:00:13]}
Ra6 {[%clk 00:36:30]} {[%emt 00:00:49]} 35. Rd7 {[%clk 00:38:51]} {[%emt
00:04:39]} Raa2 {[%clk 00:34:35]} {[%emt 00:02:24]} 36. Rxd3 {[%clk 00:39:14]}
{[%emt 00:00:07]} Rxf2+ {[%clk 00:35:00]} {[%emt 00:00:04]} 37. Kg1 {[%clk
00:39:41]} {[%emt 00:00:03]} Rxg2+ {[%clk 00:35:20]} {[%emt 00:00:10]} 38. Kh1
{[%clk 00:40:08]} {[%emt 00:00:04]} Rh2+ {[%clk 00:35:37]} {[%emt 00:00:12]}
39. Kg1 {[%clk 00:40:33]} {[%emt 00:00:06]} Rag2+ {[%clk 00:36:00]} {[%emt
00:00:07]} 40. Kf1 {[%clk 00:40:57]} {[%emt 00:00:06]} Rh1+ {[%clk 00:36:18]}
{[%emt 00:00:12]} 41. Kxg2 {[%clk 00:41:23]} {[%emt 00:00:04]} Rxe1 {[%clk
00:36:43]} {[%emt 00:00:05]} 42. Rg3+ {[%clk 00:41:19]} {[%emt 00:00:34]} Kf8
{[%clk 00:37:05]} {[%emt 00:00:07]} 43. Rg5 {[%clk 00:41:41]} {[%emt 00:00:08]}
f6 {[%clk 00:36:59]} {[%emt 00:00:36]} 44. Rg3 {[%clk 00:41:40]} {[%emt
00:00:32]} f4 {[%clk 00:36:28]} {[%emt 00:01:00]} 45. Ra3 {[%clk 00:42:01]}
{[%emt 00:00:10]} Re2+ {[%clk 00:36:36]} {[%emt 00:00:23]} 0-1

[Event "ODJM A 2023"]
[Site "Willingen GER"]
[Date "2023.05.29"]
[Round "3"]
[White "Gluma, Christian"]
[Black "Hahn, Peter"]
[Result "1-0"]
[Termination "normal"]
[Board "25"]
[WhiteElo "2161"]
[BlackElo "1814"]
[WhiteClock "00:12:21"]
[BlackClock "00:45:23"]
[PlyCount "67"]
[WhiteFideId "16223209"]
[BlackFideId "34627316"]
[EventCountry "GER"]
[EventRounds "9"]
[EventType "swiss"]
[EventDate "2023.05.27"]

1. e4 {[%clk 01:30:56]} {[%emt 00:00:04]} e6 {[%clk 01:30:57]} {[%emt
00:00:07]} 2. d4 {[%clk 01:31:07]} {[%emt 00:00:32]} d5 {[%clk 01:31:23]}
{[%emt 00:00:05]} 3. Nd2 {[%clk 01:31:22]} {[%emt 00:00:17]} Be7 {[%clk
01:31:48]} {[%emt 00:00:06]} 4. c3 {[%clk 01:30:30]} {[%emt 00:00:58]} c5
{[%clk 01:30:56]} {[%emt 00:01:22]} 5. Ngf3 {[%clk 01:25:27]} {[%emt 00:05:33]}
Nf6 {[%clk 01:28:14]} {[%emt 00:03:12]} 6. e5 {[%clk 01:16:43]} {[%emt
00:09:14]} Nfd7 {[%clk 01:28:39]} {[%emt 00:00:05]} 7. a3 {[%clk 01:16:21]}
{[%emt 00:00:52]} O-O {[%clk 01:22:53]} {[%emt 00:06:16]} 8. Bd3 {[%clk
01:13:51]} {[%emt 00:02:59]} cxd4 {[%clk 01:22:52]} {[%emt 00:00:32]} 9. cxd4
{[%clk 01:13:58]} {[%emt 00:00:22]} f6 {[%clk 01:23:18]} {[%emt 00:00:05]} 10.
exf6 {[%clk 01:12:43]} {[%emt 00:01:44]} Nxf6 {[%clk 01:23:26]} {[%emt
00:00:22]} 11. Ne5 {[%clk 01:10:50]} {[%emt 00:02:23]} Nc6 {[%clk 01:20:09]}
{[%emt 00:03:47]} 12. Ndf3 {[%clk 01:10:09]} {[%emt 00:01:11]} Qa5+ {[%clk
01:10:42]} {[%emt 00:09:58]} 13. Bd2 {[%clk 01:08:40]} {[%emt 00:01:59]} Qb6
{[%clk 01:10:55]} {[%emt 00:00:16]} 14. Bc3 {[%clk 01:07:00]} {[%emt 00:02:09]}
Ne4 {[%clk 01:10:55]} {[%emt 00:00:31]} 15. Qb1 {[%clk 00:42:07]} {[%emt
00:25:23]} Nxe5 {[%clk 00:55:13]} {[%emt 00:16:11]} 16. Nxe5 {[%clk 00:39:29]}
{[%emt 00:03:08]} Rf4 {[%clk 00:53:56]} {[%emt 00:01:47]} 17. g3 {[%clk
00:32:29]} {[%emt 00:07:31]} Nxc3 {[%clk 00:54:17]} {[%emt 00:00:09]} 18. Bxh7+
{[%clk 00:30:11]} {[%emt 00:02:48]} Kf8 {[%clk 00:54:42]} {[%emt 00:00:05]} 19.
bxc3 {[%clk 00:29:16]} {[%emt 00:01:24]} Qxb1+ {[%clk 00:54:47]} {[%emt
00:00:25]} 20. Bxb1 {[%clk 00:29:28]} {[%emt 00:00:18]} Rf6 {[%clk 00:55:09]}
{[%emt 00:00:08]} 21. Ke2 {[%clk 00:27:44]} {[%emt 00:02:14]} Ke8 {[%clk
00:54:06]} {[%emt 00:01:34]} 22. Bd3 {[%clk 00:27:23]} {[%emt 00:00:51]} Bd7
{[%clk 00:54:28]} {[%emt 00:00:08]} 23. Rhb1 {[%clk 00:26:52]} {[%emt
00:01:00]} b6 {[%clk 00:54:42]} {[%emt 00:00:17]} 24. f4 {[%clk 00:25:04]}
{[%emt 00:02:17]} Rc8 {[%clk 00:54:02]} {[%emt 00:01:10]} 25. Rc1 {[%clk
00:24:45]} {[%emt 00:00:49]} Ba4 {[%clk 00:48:46]} {[%emt 00:05:46]} 26. h4
{[%clk 00:20:35]} {[%emt 00:04:39]} b5 {[%clk 00:48:45]} {[%emt 00:00:31]} 27.
Kd2 {[%clk 00:19:44]} {[%emt 00:01:21]} Bd6 {[%clk 00:45:43]} {[%emt 00:03:33]}
28. Re1 {[%clk 00:18:43]} {[%emt 00:01:29]} Kd8 {[%clk 00:45:10]} {[%emt
00:01:03]} 29. Ng4 {[%clk 00:18:28]} {[%emt 00:00:44]} Ke7 {[%clk 00:44:53]}
{[%emt 00:00:49]} 30. Nxf6 {[%clk 00:16:27]} {[%emt 00:02:31]} Kxf6 {[%clk
00:45:18]} {[%emt 00:00:05]} 31. Bf1 {[%clk 00:14:48]} {[%emt 00:02:08]} Rc6
{[%clk 00:45:09]} {[%emt 00:00:40]} 32. Re3 {[%clk 00:13:42]} {[%emt 00:01:35]}
Kf7 {[%clk 00:45:13]} {[%emt 00:00:27]} 33. Bh3 {[%clk 00:13:20]} {[%emt
00:00:52]} Bf8 {[%clk 00:45:23]} {[%emt 00:00:20]} 34. Rae1 {[%clk 00:12:21]}
{[%emt 00:01:28]} 1-0

[Event "ODJM A 2023"]
[Site "Willingen GER"]
[Date "2023.05.29"]
[Round "3"]
[White "Seitz, Manuel"]
[Black "Mühlich, Cornelius"]
[Result "0-1"]
[Termination "normal"]
[Board "26"]
[WhiteElo "1791"]
[BlackElo "1910"]
[WhiteClock "00:01:29"]
[BlackClock "00:19:50"]
[PlyCount "76"]
[WhiteFideId "16215770"]
[BlackFideId "12963712"]
[EventCountry "GER"]
[EventRounds "9"]
[EventType "swiss"]
[EventDate "2023.05.27"]

1. e4 {[%clk 01:30:54]} {[%emt 00:00:06]} c5 {[%clk 01:30:59]} {[%emt
00:00:03]} 2. f4 {[%clk 01:31:04]} {[%emt 00:00:34]} d5 {[%clk 01:31:15]}
{[%emt 00:00:18]} 3. Bb5+ {[%clk 01:31:26]} {[%emt 00:00:09]} Bd7 {[%clk
01:31:45]} 4. Bxd7+ {[%clk 01:31:43]} {[%emt 00:00:09]} Qxd7 {[%clk 01:32:13]}
{[%emt 00:00:01]} 5. d3 {[%clk 01:31:51]} {[%emt 00:00:17]} Nf6 {[%clk
01:32:23]} {[%emt 00:00:13]} 6. e5 {[%clk 01:27:06]} {[%emt 00:05:08]} Ng8
{[%clk 01:32:52]} {[%emt 00:00:01]} 7. Nf3 {[%clk 01:25:39]} {[%emt 00:01:57]}
e6 {[%clk 01:32:38]} {[%emt 00:00:44]} 8. O-O {[%clk 01:24:34]} {[%emt
00:01:35]} Nc6 {[%clk 01:32:55]} {[%emt 00:00:14]} 9. c4 {[%clk 01:23:14]}
{[%emt 00:01:50]} Rd8 {[%clk 01:26:10]} {[%emt 00:07:15]} 10. Qe2 {[%clk
01:17:31]} {[%emt 00:06:13]} Nh6 {[%clk 01:25:50]} {[%emt 00:00:50]} 11. Nc3
{[%clk 01:16:02]} {[%emt 00:01:58]} Nf5 {[%clk 01:19:42]} {[%emt 00:06:38]} 12.
Qf2 {[%clk 01:01:17]} {[%emt 00:15:15]} Be7 {[%clk 01:17:08]} {[%emt 00:03:04]}
13. g4 {[%clk 00:53:45]} {[%emt 00:08:03]} Nfd4 {[%clk 01:16:32]} {[%emt
00:01:06]} 14. Nxd4 {[%clk 00:52:35]} {[%emt 00:01:40]} cxd4 {[%clk 01:14:54]}
{[%emt 00:02:08]} 15. cxd5 {[%clk 00:38:40]} {[%emt 00:14:25]} dxc3 {[%clk
00:52:38]} {[%emt 00:22:46]} 16. dxc6 {[%clk 00:37:47]} {[%emt 00:01:24]} Qxc6
{[%clk 00:52:00]} {[%emt 00:01:07]} 17. bxc3 {[%clk 00:33:37]} {[%emt
00:04:40]} Rxd3 {[%clk 00:50:29]} {[%emt 00:02:01]} 18. Qg2 {[%clk 00:29:56]}
{[%emt 00:04:11]} Bc5+ {[%clk 00:43:15]} {[%emt 00:07:44]} 19. Kh1 {[%clk
00:29:56]} {[%emt 00:00:31]} Qxg2+ {[%clk 00:41:43]} {[%emt 00:02:02]} 20. Kxg2
{[%clk 00:30:23]} {[%emt 00:00:02]} Rxc3 {[%clk 00:41:45]} {[%emt 00:00:28]}
21. Rf3 {[%clk 00:24:53]} {[%emt 00:06:01]} Rc2+ {[%clk 00:37:56]} {[%emt
00:04:19]} 22. Kg3 {[%clk 00:23:42]} {[%emt 00:01:41]} h5 {[%clk 00:36:43]}
{[%emt 00:01:43]} 23. g5 {[%clk 00:17:27]} {[%emt 00:06:45]} Ke7 {[%clk
00:31:10]} {[%emt 00:06:02]} 24. Be3 {[%clk 00:13:09]} {[%emt 00:04:48]} Rc8
{[%clk 00:25:18]} {[%emt 00:06:22]} 25. Bxc5+ {[%clk 00:11:50]} {[%emt
00:01:49]} R8xc5 {[%clk 00:25:27]} {[%emt 00:00:20]} 26. Rb3 {[%clk 00:10:32]}
{[%emt 00:01:48]} b6 {[%clk 00:24:54]} {[%emt 00:01:04]} 27. a4 {[%clk
00:09:24]} {[%emt 00:01:38]} g6 {[%clk 00:21:26]} {[%emt 00:03:58]} 28. a5
{[%clk 00:07:01]} {[%emt 00:02:53]} R5c3+ {[%clk 00:20:28]} {[%emt 00:01:28]}
29. Rxc3 {[%clk 00:07:21]} {[%emt 00:00:10]} Rxc3+ {[%clk 00:20:56]} {[%emt
00:00:01]} 30. Kf2 {[%clk 00:05:53]} {[%emt 00:01:55]} b5 {[%clk 00:19:44]}
{[%emt 00:01:45]} 31. a6 {[%clk 00:05:04]} {[%emt 00:01:19]} Kd7 {[%clk
00:18:16]} {[%emt 00:01:58]} 32. Rd1+ {[%clk 00:04:28]} {[%emt 00:01:06]} Kc7
{[%clk 00:18:32]} {[%emt 00:00:15]} 33. Rd6 {[%clk 00:03:03]} {[%emt 00:01:54]}
Rc6 {[%clk 00:18:38]} {[%emt 00:00:24]} 34. Rd2 {[%clk 00:01:49]} {[%emt
00:01:44]} Rxa6 {[%clk 00:18:57]} {[%emt 00:00:11]} 35. Rb2 {[%clk 00:01:53]}
{[%emt 00:00:25]} Rb6 {[%clk 00:18:47]} {[%emt 00:00:41]} 36. Ra2 {[%clk
00:01:36]} {[%emt 00:00:47]} a6 {[%clk 00:19:08]} {[%emt 00:00:09]} 37. Rc2+
{[%clk 00:01:32]} {[%emt 00:00:33]} Rc6 {[%clk 00:19:30]} {[%emt 00:00:08]} 38.
Rd2 {[%clk 00:01:29]} {[%emt 00:00:33]} b4 {[%clk 00:19:50]} {[%emt 00:00:11]}
0-1

[Event "ODJM A 2023"]
[Site "Willingen GER"]
[Date "2023.05.29"]
[Round "3"]
[White "Nguyen, Phuc Nhat"]
[Black "Stiller, Maximilian"]
[Result "1-0"]
[Termination "normal"]
[Board "27"]
[WhiteElo "1929"]
[BlackElo "1657"]
[WhiteClock "00:14:25"]
[BlackClock "00:52:19"]
[PlyCount "73"]
[WhiteFideId "16253590"]
[BlackFideId "16254465"]
[EventCountry "GER"]
[EventRounds "9"]
[EventType "swiss"]
[EventDate "2023.05.27"]

1. e4 {[%clk 01:30:57]} {[%emt 00:00:03]} c6 {[%clk 01:30:52]} {[%emt
00:00:13]} 2. d4 {[%clk 01:31:24]} {[%emt 00:00:06]} d5 {[%clk 01:31:16]}
{[%emt 00:00:10]} 3. exd5 {[%clk 01:31:52]} {[%emt 00:00:03]} cxd5 {[%clk
01:31:34]} {[%emt 00:00:18]} 4. Bd3 {[%clk 01:32:18]} {[%emt 00:00:04]} Nc6
{[%clk 01:31:55]} {[%emt 00:00:12]} 5. c3 {[%clk 01:32:44]} {[%emt 00:00:03]}
Nf6 {[%clk 01:32:12]} {[%emt 00:00:09]} 6. Bf4 {[%clk 01:33:09]} {[%emt
00:00:04]} Bg4 {[%clk 01:32:03]} {[%emt 00:00:26]} 7. Qb3 {[%clk 01:33:35]}
{[%emt 00:00:02]} Qd7 {[%clk 01:30:47]} {[%emt 00:01:43]} 8. Nd2 {[%clk
01:33:58]} {[%emt 00:00:05]} e6 {[%clk 01:30:29]} {[%emt 00:00:48]} 9. Ngf3
{[%clk 01:34:24]} {[%emt 00:00:05]} Bf5 {[%clk 01:24:27]} {[%emt 00:06:32]} 10.
Bxf5 {[%clk 01:28:50]} {[%emt 00:06:04]} exf5 {[%clk 01:24:45]} {[%emt
00:00:12]} 11. Ne5 {[%clk 01:22:09]} {[%emt 00:07:11]} Nxe5 {[%clk 01:21:23]}
{[%emt 00:03:52]} 12. Bxe5 {[%clk 01:22:03]} {[%emt 00:00:36]} Ne4 {[%clk
01:20:17]} {[%emt 00:01:35]} 13. f3 {[%clk 01:04:18]} {[%emt 00:18:14]} Nxd2
{[%clk 01:17:06]} {[%emt 00:03:42]} 14. Kxd2 {[%clk 01:02:45]} {[%emt
00:02:03]} Be7 {[%clk 01:15:41]} {[%emt 00:01:54]} 15. Rae1 {[%clk 01:00:22]}
{[%emt 00:02:52]} O-O {[%clk 01:15:36]} {[%emt 00:00:36]} 16. Re2 {[%clk
00:51:09]} {[%emt 00:09:44]} Bg5+ {[%clk 01:13:23]} {[%emt 00:02:43]} 17. Kd1
{[%clk 00:47:45]} {[%emt 00:03:53]} f4 {[%clk 01:09:40]} {[%emt 00:04:14]} 18.
g3 {[%clk 00:41:37]} {[%emt 00:06:38]} fxg3 {[%clk 01:09:42]} {[%emt 00:00:28]}
19. hxg3 {[%clk 00:39:01]} {[%emt 00:03:06]} Qf5 {[%clk 01:09:28]} {[%emt
00:00:43]} 20. Qc2 {[%clk 00:38:37]} {[%emt 00:00:54]} Qxc2+ {[%clk 01:08:04]}
{[%emt 00:01:54]} 21. Kxc2 {[%clk 00:38:24]} {[%emt 00:00:43]} b5 {[%clk
01:03:17]} {[%emt 00:05:17]} 22. Rhe1 {[%clk 00:38:14]} {[%emt 00:00:41]} Rfe8
{[%clk 01:00:50]} {[%emt 00:02:56]} 23. f4 {[%clk 00:32:02]} {[%emt 00:06:42]}
Bd8 {[%clk 00:59:27]} {[%emt 00:01:52]} 24. Bd6 {[%clk 00:28:47]} {[%emt
00:03:46]} Rxe2+ {[%clk 00:59:40]} {[%emt 00:00:17]} 25. Rxe2 {[%clk 00:29:11]}
{[%emt 00:00:05]} Bf6 {[%clk 00:59:06]} {[%emt 00:01:04]} 26. Kd3 {[%clk
00:28:23]} {[%emt 00:01:19]} h6 {[%clk 00:57:25]} {[%emt 00:02:11]} 27. Be7
{[%clk 00:23:46]} {[%emt 00:05:08]} Re8 {[%clk 00:56:58]} {[%emt 00:00:56]} 28.
Bxf6 {[%clk 00:24:10]} {[%emt 00:00:06]} Rxe2 {[%clk 00:57:09]} {[%emt
00:00:19]} 29. Kxe2 {[%clk 00:24:36]} {[%emt 00:00:05]} gxf6 {[%clk 00:57:21]}
{[%emt 00:00:18]} 30. Kd3 {[%clk 00:24:56]} {[%emt 00:00:10]} Kf8 {[%clk
00:54:21]} {[%emt 00:03:30]} 31. a4 {[%clk 00:23:14]} {[%emt 00:02:13]} a6
{[%clk 00:52:44]} {[%emt 00:02:07]} 32. axb5 {[%clk 00:23:29]} {[%emt
00:00:14]} axb5 {[%clk 00:52:59]} {[%emt 00:00:15]} 33. Kc2 {[%clk 00:15:28]}
{[%emt 00:08:31]} Ke7 {[%clk 00:51:49]} {[%emt 00:01:39]} 34. Kb3 {[%clk
00:13:08]} {[%emt 00:02:50]} Kd6 {[%clk 00:51:55]} {[%emt 00:00:24]} 35. Kb4
{[%clk 00:13:32]} {[%emt 00:00:06]} Kc6 {[%clk 00:52:21]} {[%emt 00:00:05]} 36.
Ka5 {[%clk 00:13:59]} {[%emt 00:00:03]} f5 {[%clk 00:52:19]} {[%emt 00:00:31]}
37. Ka6 {[%clk 00:14:25]} {[%emt 00:00:04]} 1-0